<?xml version="1.0" encoding="UTF-8"?><?xml-stylesheet type="text/xsl" href="static/style.xsl"?><OAI-PMH xmlns="http://www.openarchives.org/OAI/2.0/" xmlns:xsi="http://www.w3.org/2001/XMLSchema-instance" xsi:schemaLocation="http://www.openarchives.org/OAI/2.0/ http://www.openarchives.org/OAI/2.0/OAI-PMH.xsd"><responseDate>2026-04-13T13:16:44Z</responseDate><request verb="GetRecord" identifier="oai:www.recercat.cat:2099.1/14114" metadataPrefix="marc">https://recercat.cat/oai/request</request><GetRecord><record><header><identifier>oai:recercat.cat:2099.1/14114</identifier><datestamp>2025-07-22T15:27:51Z</datestamp><setSpec>com_2072_1033</setSpec><setSpec>col_2072_452951</setSpec></header><metadata><record xmlns="http://www.loc.gov/MARC21/slim" xmlns:dcterms="http://purl.org/dc/terms/" xmlns:xsi="http://www.w3.org/2001/XMLSchema-instance" xmlns:doc="http://www.lyncode.com/xoai" xsi:schemaLocation="http://www.loc.gov/MARC21/slim http://www.loc.gov/standards/marcxml/schema/MARC21slim.xsd">
   <leader>00925njm 22002777a 4500</leader>
   <datafield ind2=" " ind1=" " tag="042">
      <subfield code="a">dc</subfield>
   </datafield>
   <datafield ind2=" " ind1=" " tag="720">
      <subfield code="a">Barrio Barrio, Víctor</subfield>
      <subfield code="e">author</subfield>
   </datafield>
   <datafield ind2=" " ind1=" " tag="260">
      <subfield code="c">2012-01-12</subfield>
   </datafield>
   <datafield ind2=" " ind1=" " tag="520">
      <subfield code="a">La realización del presente proyecto tiene como objetivo reducir el impacto medioambiental con la implantación de un sistema de captadores solares para la producción de ACS (agua caliente sanitaria) y climatización.&#xd;
&#xd;
Para este fin, se estudiará el aprovechamiento de la energía solar , así como de todos los elementos necesarios que debe tener una instalación de estas características en un edificio de viviendas.&#xd;
&#xd;
Se detallarán todas las posibles soluciones así como sus ventajas e inconvenientes y la elección final para la realización de los cálculos correspondientes.&#xd;
&#xd;
Se cumplirán las normativas vigentes, es decir, la Ordenanza Solar de Badalona, el Decreto de Ecoeficiencia de la Generalitat deCatalunya , el Código Técnico de la Edificación y las normas que se detalla en el apartado de normativa .</subfield>
   </datafield>
   <datafield tag="653" ind2=" " ind1=" ">
      <subfield code="a">Àrees temàtiques de la UPC::Desenvolupament humà i sostenible::Desenvolupament sostenible::Energia i sostenibilitat</subfield>
   </datafield>
   <datafield tag="653" ind2=" " ind1=" ">
      <subfield code="a">Apartments--Air conditioning</subfield>
   </datafield>
   <datafield tag="653" ind2=" " ind1=" ">
      <subfield code="a">Solar thermal energy</subfield>
   </datafield>
   <datafield tag="653" ind2=" " ind1=" ">
      <subfield code="a">Energia tèrmica solar</subfield>
   </datafield>
   <datafield tag="653" ind2=" " ind1=" ">
      <subfield code="a">Pisos--Aire condicionat</subfield>
   </datafield>
   <datafield ind2="0" ind1="0" tag="245">
      <subfield code="a">Instalación de climatización y ACS para un bloque de pisos mediante energía solar térmica</subfield>
   </datafield>
</record></metadata></record></GetRecord></OAI-PMH>